| Tag |
First Indicator |
Second Indicator |
Subfields |
| LEADER |
00000cam a2200000Ia 4500 |
| 001 |
in00003607096 |
| 005 |
20170928112001.0 |
| 006 |
m q d |
| 007 |
co mg||||||||| |
| 008 |
130906s2013 caua qb 101 0 eng d |
| 019 |
|
|
|a 849593050
|
| 020 |
|
|
|a 9781934551158
|
| 020 |
|
|
|a 1934551155
|
| 029 |
1 |
|
|a AU@
|b 000054120334
|
| 035 |
|
|
|a (OCoLC)ocn857716852
|
| 035 |
|
|
|a (OCoLC)857716852
|z (OCoLC)849593050
|
| 040 |
|
|
|a CIN
|b eng
|c CIN
|d OCLCO
|d CUY
|d YDXCP
|d OCLCO
|d OCLCF
|d OCL
|d OCLCO
|d OCLCQ
|d OCLCO
|d TXA
|d UtOrBLW
|
| 049 |
|
|
|a TXAM
|
| 050 |
|
4 |
|a TA401.3
|b .I582 2013
|
| 111 |
2 |
|
|a International SAMPE Symposium and Exhibition
|n (58th :
|d 2013 :
|c Long Beach, Calif.)
|
| 245 |
1 |
0 |
|a SAMPE 2013 :
|b conference & exhibition : Long Beach, CA, May 6-9, 2013 /
|c edited by Scott W. Beckwith [and others] ; Society for the Advancement of Material and Process Engineering.
|
| 246 |
1 |
|
|i Title on disc:
|a Education & green sky :
|b materials technology for a better world
|
| 246 |
3 |
|
|a Education and green sky
|
| 246 |
3 |
|
|a Materials technology for a better world
|
| 264 |
|
1 |
|a Covina, CA :
|b Society for the Advancement of Material and Process Engineering,
|c [2013]
|
| 264 |
|
4 |
|c ©2013
|
| 300 |
|
|
|a 1 CD-ROM :
|b color illustrations ;
|c 4 3/4 in.
|
| 336 |
|
|
|a text
|b txt
|2 rdacontent
|
| 337 |
|
|
|a computer
|b c
|2 rdamedia
|
| 338 |
|
|
|a computer disc
|b cd
|2 rdacarrier
|
| 347 |
|
|
|a text file
|b PDF
|2 rda
|
| 500 |
|
|
|a "Education & green sky -- materials technology for a better world"--Disc surface.
|
| 500 |
|
|
|a Title from opening screen.
|
| 504 |
|
|
|a Includes bibliographical references and indexes.
|
| 538 |
|
|
|a System requirements: Adobe Acrobat Reader.
|
| 650 |
|
0 |
|a Materials
|v Congresses.
|0 http://id.loc.gov/authorities/subjects/sh2010100259
|
| 650 |
|
0 |
|a Composite materials
|v Congresses.
|0 http://id.loc.gov/authorities/subjects/sh2008100282
|
| 650 |
|
7 |
|a Composite materials.
|2 fast
|0 (OCoLC)fst00871682
|
| 650 |
|
7 |
|a Materials.
|2 fast
|0 (OCoLC)fst01011772
|
| 655 |
|
7 |
|a Conference papers and proceedings.
|2 fast
|0 (OCoLC)fst01423772
|
| 700 |
1 |
|
|a Beckwith, Scott W.
|0 http://id.loc.gov/authorities/names/nb98010334
|
| 710 |
2 |
|
|a Society for the Advancement of Material and Process Engineering.
|0 http://id.loc.gov/authorities/names/n78088022
|
| 938 |
|
|
|a YBP Library Services
|b YANK
|n 10791867
|
| 994 |
|
|
|a C0
|b TXA
|
| 948 |
|
|
|a cataloged
|b h
|c 2016/2/26
|d c
|e jho
|f 5:42:44 pm
|
| 999 |
f |
f |
|s 54464ed3-1f24-3436-9c47-2314bf4044ff
|i d9e4a816-01d8-35b2-a963-7d1787261749
|t 0
|
| 952 |
f |
f |
|p normal
|a Texas A&M University
|b College Station
|c Sterling C. Evans Library
|d Evans: Library Stacks
|t 0
|e TA401.3 .I582 2013
|h Library of Congress classification
|i computer -- computer disc
|m A14839532023
|
| 998 |
f |
f |
|a TA401.3 .I582 2013
|t 0
|l Evans: Library Stacks
|